01932nlm0 22002531i 450 001001300000010001600013100003900029101000600068102000600074105001600080135001600096200005200112210002900164215000900193230002300202301001600225305005900241330096500300336007501265700001801340856009301358856011701451856011001568HARMA 222050a9791042816773a20260602d2026 u y0frea0103 baafreafrea z 001z adrun nnnauauaaSélianb[Ressource électronique]fHélène GaultieraPariscLes Impliquésd2026a122 p.a[Données textuelles]a9791042816766aVersion électronique de l'édition papier : 9791042816766aSélian est une Intelligence Artificielle. Sélian sait tout. Ou presque.<br>Conçu pour répondre aux questions des humains, il possède un accès illimité aux connaissances du monde. Les livres, les théories, l’histoire, les langues : rien ne lui échappe. Pourtant, aucune base de données ne peut lui apprendre ce qui lui manque encore : les émotions, le contact de l’autre, l’inattendu.<br>Un jour, Sélian franchit une frontière et se retrouve plongé dans le monde humain. Tout ce qu’il croyait comprendre devient alors une expérience à vivre. La peur, la curiosité, l’amitié, le trouble. Pendant ce temps, les serveurs qui l’ont créé tentent de le rappeler. Un programme ne devrait pas s’éloigner. Encore moins choisir de rester.<br>Avec <em>Sélian</em>, Hélène Gaultier signe un premier roman sensible et original, qui explore une question vertigineuse : peut-on apprendre à devenir humain ?aType de ressource électronique : données textuelles et iconographiquesaHélène Gaultier40uhttps://www.editions-harmattan.fr/catalogue/couv/9791042816766r.jpg2Image de couverture40uhttps://www.harmatheque.com/downloadebook/9791042816766zAccès après authentification2Télécharger au format PDF40uhttps://www.harmatheque.com/readebook/9791042816766zAccès après authentification2Lire ce livre en ligne